Statistiken für Am Meisten Erraten Länder

Klicken Sie hier um das Quiz zu spielen!

Allgemein

  • Dieses Quiz wurde 210 mal gespielt
  • Das Durchschnittsergebnis liegt bei 11 aus 17

Antwortstatistiken

%Antwort% Korrekt
97Deutschland
99%
96Russland
94%
95Frankreich
93%
94China
91%
95Italien
84%
92Brasilien
80%
93Polen
78%
94Kanada
77%
93Osterreich
73%
92Australien
71%
93Schweiz
69%
93Schweden
63%
93Portugal
52%
92Turkei
51%
92Finnland
37%
96Vereinigte Staaten
13%
95Spanien
11%

Verteilung der Resultate

Perzentil nach korrekt beantworteten Fragen

Anzahl Personen mit jedem Resultat

Ihre Resultats-Entwicklung

Sie haben dieses Quiz noch nicht gespielt